AITEN výročná správa 2001

Enregistré dans:
Détails bibliographiques
Format: Livre
Langue:slovaque
anglais
Publié: Trnava AITEN, a.s. [2002]
Sujets:
Tags: Ajouter un tag
Pas de tags, Soyez le premier à ajouter un tag!

MARC

LEADER 00000nam$a2200000$$$4500
001 0004206
005 20240108123845.2
041 0 |a slo 
041 0 |a eng 
044 |a SK 
245 1 0 |a AITEN  |b výročná správa 2001 
264 1 |a Trnava  |b AITEN, a.s.  |c [2002] 
300 |a [18] s. 
610 2 0 |a technológie informačné 
610 2 0 |a softvér 
610 2 0 |a projekty investičné 
610 2 0 |a riadenie 
610 2 0 |a archívy 
610 2 0 |a digitalizácia 
610 2 0 |a portfólio 
610 2 0 |a modelovanie 
610 2 0 |a systémy informačné 
610 2 0 |a výkazy finančné 
610 2 0 |a výkazy účtovné